[Event "Quenza Rapid op 13th"]
[Site "Quenza"]
[Date "2024.07.07"]
[Round "1"]
[White "Grimaldi Peetz, Anton"]
[Black "Maurizzi, Marc Andria"]
[Result "0-1"]
[WhiteElo "1613"]
[BlackElo "2620"]
[PlyCount "74"]
[EventDate "2024.07.07"]
[EventType "swiss (rapid)"]
[EventRounds "9"]
[EventCountry "FRA"]
[SourceTitle "CBM 221 Extra"]
[Source "ChessBase"]
[SourceDate "2024.09.30"]
[SourceVersion "1"]
[SourceVersionDate "2024.09.30"]
[SourceQuality "1"]

1. e4 c5 2. Nf3 Nc6 3. d4 cxd4 4. Nxd4 Nf6 5. Nc3 e6 6. Be2 d6 7. Be3 Be7 8. 0-0 0-0 9. Kh1 Bd7 10. f3 a6 11. a3 Qc7 12. Qc1 Rfd8 13. Nb3 Rac8 14. Qd2 b5 15. Rad1 Ne5 16. Bd4 Bc6 17. Qe3 Nfd7 18. h3 Nc4 19. Bxc4 bxc4 20. Nc1 e5 21. Ba7 Ra8 22. Nd5 Bxd5 23. exd5 Qxa7 24. Qe1 Rab8 25. Qc3 Qc5 26. Rfe1 Nb6 27. Re4 Nxd5 28. Qxc4 Qxc4 29. Rxc4 Ne3 30. Rc7 Nxd1 31. Rxe7 h5 32. b3 Rbc8 33. c4 d5 34. Rxe5 dxc4 35. Re1 c3 36. Na2 c2 37. b4 Nc3 0-1